=LDR 00000nam 2200000 4500 =001 INLIS000000000024028 =005 20130612122636 =008 ***********************************Ind** =035 ##$$0010-061300000024028 =041 ##$$a Ind =082 ##$$a 372.7 =090 ##$$a 372.2, Sri p =100 ##$$a Sriningsih =245 ##$$a Pegangan guru TK program cawu A pelaksanaan PKB 1994 di TK disusun berdasarkan pemantauan PKB kodia surabaya, Srinigsih =260 ##$$a 1994 $b Surabaya =300 ##$$a 24 hlm, ilus, 21 cm =650 ##$$a Kurikulum Tk =850 ##$$a NBPNMAT